FAO soils bulletin N.57 Soil and water conservation in semi-arid areas
Đã lưu trong:
| Tác giả chính: | |
|---|---|
| Định dạng: | Sách |
| Ngôn ngữ: | Undetermined |
| Được phát hành: |
Rome
FAO
1987
|
| Những chủ đề: | |
| Các nhãn: |
Thêm thẻ
Không có thẻ, Là người đầu tiên thẻ bản ghi này!
|
| Thư viện lưu trữ: | Trung tâm Học liệu Trường Đại học Cần Thơ |
|---|
| LEADER | 00556nam a2200193Ia 4500 | ||
|---|---|---|---|
| 001 | CTU_3837 | ||
| 008 | 210402s9999 xx 000 0 und d | ||
| 082 | |a 631 | ||
| 082 | |b S683/N.57 | ||
| 100 | |a Norman W Hudson | ||
| 245 | 0 | |a FAO soils bulletin N.57 | |
| 245 | 0 | |b Soil and water conservation in semi-arid areas | |
| 245 | 0 | |c Norman W Hudson | |
| 260 | |a Rome | ||
| 260 | |b FAO | ||
| 260 | |c 1987 | ||
| 650 | |a soil conservation,soil science | ||
| 904 | |i Nguyễn Quang Điền, 960530 | ||
| 980 | |a Trung tâm Học liệu Trường Đại học Cần Thơ | ||